Economic survey: 2003 - 2004 (Record no. 13111)
[ view plain ]
| 000 -LEADER | |
|---|---|
| fixed length control field | 00308nam a2200121Ia 4500 |
| 082 ## - DEWEY DECIMAL CLASSIFICATION NUMBER | |
| Classification number | RR 330.954 ECO- |
| 100 ## - MAIN ENTRY--AUTHOR NAME | |
| Personal name | India. Ministry of Finance, Ec |
| 245 #0 - TITLE STATEMENT | |
| Title | Economic survey: 2003 - 2004 |
| 260 ## - PUBLICATION, DISTRIBUTION, ETC. (IMPRINT) | |
| Place of publication | New Delhi |
| Name of publisher | Standard Book |
| Year of publication | 2003 |
| 300 ## - PHYSICAL DESCRIPTION | |
| Number of Pages | 234 |
| 650 ## - SUBJECT ADDED ENTRY--TOPICAL TERM | |
| Topical Term | India |
| Form subdivision | Economic conditions |
| 942 ## - ADDED ENTRY ELEMENTS (KOHA) | |
| Koha item type | Books |
| Withdrawn status | Lost status | Damaged status | Not for loan | Collection code | Home library | Current library | Date acquired | Bill Date | Full call number | Accession Number | Price effective from | Koha item type |
|---|---|---|---|---|---|---|---|---|---|---|---|---|
| Docas Books | NASSDOC Library | NASSDOC Library | 23/08/2016 | 2004-10-22 | RR 330.954 ECO- | D002484 | 18/04/2019 | Books |
